000 00578nam a22001817a 4500
005 20251108165913.0
008 250721s1996 xx 000 0 ara d
082 1 4 _aط/599.736/غني
100 1 _aغنيم، كارم
245 1 0 _aالجمل :
_bسفينة الصحراء و أعجوبه البيداء /
264 1 _aالقاهره :
_bدار الفكر العربي،
_c1996.
300 _a40ص.
490 0 _aكتب التمساح للفتيان ؛10
650 1 7 _aالإبل
653 _aناشئون صغار (10-14) سنة
942 _2ddc
_cBK
999 _c34409
_d34409